[Event "Mecklenburg VP LL 1617"]
[Site "Mecklenburg VP"]
[Date "2016.11.06"]
[Round "2.8"]
[White "Otto, Martin"]
[Black "Altenburg, Reiner"]
[Result "1/2-1/2"]
[WhiteElo "1818"]
[BlackElo "1680"]
[PlyCount "32"]
[EventDate "2016.10.16"]
[EventType "team-tourn"]
[EventRounds "9"]
[EventCountry "GER"]
[SourceTitle "EXT 2022"]
[Source "ChessBase"]
[SourceDate "2021.10.06"]
[SourceVersion "1"]
[SourceVersionDate "2021.10.06"]
[SourceQuality "1"]
[WhiteTeam "Torgelow Droegeheide"]
[BlackTeam "Ludwigslust VT 2000"]
[WhiteTeamCountry "GER"]
[BlackTeamCountry "GER"]

1. e4 c5 2. Nc3 Nc6 3. d3 Nf6 4. f4 d6 5. Nf3 e6 6. g3 Be7 7. Bg2 0-0 8. 0-0 a6 9. b3 Qb6 10. h3 Qc7 11. Ne2 Rb8 12. Bb2 b5 13. g4 Bb7 14. Ng3 Nd7 15. g5 Nd4 16. Bc1 d5 1/2-1/2

[Event "Mecklenburg VP LL2 Ost 1213"]
[Site "Mecklenburg VP"]
[Date "2013.04.14"]
[Round "8.3"]
[White "Otto, Martin"]
[Black "Voigt, Michael"]
[Result "1/2-1/2"]
[WhiteElo "1841"]
[BlackElo "1700"]
[PlyCount "65"]
[EventDate "2012.10.14"]
[EventType "team-tourn"]
[EventRounds "9"]
[EventCountry "GER"]
[SourceTitle "EXT 2022"]
[Source "ChessBase"]
[SourceDate "2021.10.06"]
[SourceVersion "1"]
[SourceVersionDate "2021.10.06"]
[SourceQuality "1"]
[WhiteTeam "Torgelow Droegeheide II"]
[BlackTeam "Neubrandenburg SV Turbine"]
[WhiteTeamCountry "GER"]
[BlackTeamCountry "GER"]

1. e4 c5 2. Nc3 Nc6 3. f4 d6 4. Nf3 Nf6 5. d3 e6 6. g3 Be7 7. Bg2 Bd7 8. h3 a6 9. Be3 b5 10. a4 b4 11. Ne2 Rb8 12. Nd2 Na5 13. b3 Bc6 14. 0-0 Nd7 15. f5 e5 16. Kh2 h6 17. Ng1 Ba8 18. Qg4 Bf6 19. Rad1 h5 20. Qe2 Bg5 21. Nc4 Nb7 22. Nf3 Bxe3 23. Qxe3 Qf6 24. Rf2 Nd8 25. Qg5 Ke7 26. Qe3 Nc6 27. Kg1 Rh6 28. g4 hxg4 29. hxg4 g5 30. Kf1 Rg8 31. Ke2 Nd4+ 32. Nxd4 exd4 33. Qg3 1/2-1/2

[Event "Mecklenburg VP LL2 Ost 1011"]
[Site "Mecklenburg VP"]
[Date "2011.03.20"]
[Round "8.3"]
[White "Gebert Vangeel, Ralf"]
[Black "Otto, Martin"]
[Result "0-1"]
[WhiteElo "1886"]
[BlackElo "1834"]
[PlyCount "90"]
[EventDate "2010.10.10"]
[EventType "team-tourn"]
[EventRounds "9"]
[EventCountry "GER"]
[SourceTitle "EXT 2022"]
[Source "ChessBase"]
[SourceDate "2021.10.06"]
[SourceVersion "1"]
[SourceVersionDate "2021.10.06"]
[SourceQuality "1"]
[WhiteTeam "Guestrow/Teterow"]
[BlackTeam "Torgelow Droegeheide II"]
[WhiteTeamCountry "GER"]
[BlackTeamCountry "GER"]

1. e4 e6 2. d4 d5 3. Nc3 Nf6 4. e5 Nfd7 5. f4 c5 6. Nf3 Nc6 7. Be3 Qb6 8. Qd2 Qxb2 9. Rb1 Qa3 10. Be2 a6 11. 0-0 c4 12. Qe1 g6 13. Bc1 Qa5 14. Bd2 Qc7 15. g4 b5 16. Nd1 Nb6 17. Ne3 Bd7 18. c3 Be7 19. Qg3 h5 20. g5 a5 21. Nc2 Na4 22. a3 Nb8 23. Bd1 Na6 24. Qe1 Rb8 25. Ne3 Bxa3 26. Nh4 Nb6 27. Bc2 Be7 28. Qg3 Kd8 29. Qg2 Qc6 30. Rf2 b4 31. Rc1 b3 32. Bb1 Kc7 33. Qf3 Rhc8 34. Qg3 a4 35. Kh1 a3 36. f5 a2 37. fxg6 axb1Q 38. Rxb1 fxg6 39. Rf7 Re8 40. Rbf1 Na8 41. Nhg2 Rf8 42. Rxf8 Rxf8 43. Nf4 Be8 44. Qh3 Kd7 45. Bc1 Bxg5 0-1

[Event "Mecklenburg VP LL2 Ost 0809"]
[Site "Mecklenburg VP"]
[Date "2009.03.29"]
[Round "9.5"]
[White "Otto, Martin"]
[Black "Micheel, Peter"]
[Result "1/2-1/2"]
[WhiteElo "1782"]
[BlackElo "1773"]
[PlyCount "22"]
[EventDate "2008.09.28"]
[EventType "team-tourn"]
[EventRounds "9"]
[EventCountry "GER"]
[SourceTitle "EXT 2022"]
[Source "ChessBase"]
[SourceDate "2021.10.06"]
[SourceVersion "1"]
[SourceVersionDate "2021.10.06"]
[SourceQuality "1"]
[WhiteTeam "Torgelow Droegeheide"]
[BlackTeam "Warnemuende SF Ostsee II"]
[WhiteTeamCountry "GER"]
[BlackTeamCountry "GER"]

1. Nf3 d5 2. g3 Nc6 3. Bg2 e5 4. d3 Be7 5. 0-0 Nf6 6. c3 0-0 7. Qc2 Be6 8. e4 dxe4 9. dxe4 h6 10. h3 Qd7 11. Kh2 Rfd8 1/2-1/2

[Event "Mecklenburg VP LL2 Ost 0809"]
[Site "Mecklenburg VP"]
[Date "2009.03.15"]
[Round "8.5"]
[White "Schulz, Ronald"]
[Black "Otto, Martin"]
[Result "0-1"]
[WhiteElo "1634"]
[BlackElo "1782"]
[PlyCount "126"]
[EventDate "2008.09.28"]
[EventType "team-tourn"]
[EventRounds "9"]
[EventCountry "GER"]
[SourceTitle "EXT 2022"]
[Source "ChessBase"]
[SourceDate "2021.10.06"]
[SourceVersion "1"]
[SourceVersionDate "2021.10.06"]
[SourceQuality "1"]
[WhiteTeam "Neubrandenburg SV Turbine"]
[BlackTeam "Torgelow Droegeheide"]
[WhiteTeamCountry "GER"]
[BlackTeamCountry "GER"]

1. e4 e6 2. b3 Nf6 3. e5 Nd5 4. c4 Nb6 5. d4 c5 6. d5 d6 7. dxe6 Bxe6 8. Nf3 Nc6 9. Bb2 dxe5 10. Qxd8+ Rxd8 11. Nxe5 Nb4 12. Na3 f6 13. Nf3 Bf5 14. Bc3 Kf7 15. Nh4 Be4 16. f3 Bc6 17. Bxb4 cxb4 18. Nc2 Bc5 19. Rd1 Bf2+ 20. Kxf2 Rxd1 21. Nxb4 Bd7 22. c5 Rd4 23. cxb6 Rxb4 24. Bc4+ Rxc4 25. bxc4 g5 26. bxa7 gxh4 27. Rd1 Bc6 28. Rd4 Ra8 29. Rxh4 Rxa7 30. Rxh7+ Kg6 31. Rh4 Rxa2+ 32. Kg3 Kg5 33. Rg4+ Kf5 34. h4 Ra8 35. Rf4+ Ke5 36. Rg4 Rh8 37. Rg7 f5 38. Rg5 Kf6 39. f4 Rh7 40. h5 Be8 41. Kh4 b6 42. g4 fxg4 43. Kxg4 Rg7 44. Kf3 Bc6+ 45. Ke3 Rxg5 46. fxg5+ Ke5 47. Kd3 Be4+ 48. Kc3 Kd6 49. Kd4 Bb1 50. g6 Bf5 51. g7 Bh7 52. Kc3 Kc5 53. Kb3 Bg8 54. Kc3 Bxc4 55. h6 Bg8 56. Kb2 Kb4 57. Kc1 Kb3 58. Kb1 b5 59. Ka1 Kc3 60. Kb1 b4 61. Ka1 b3 62. Kb1 Bh7+ 63. Ka1 b2+ 0-1

[Event "Mecklenburg VP LL2 Ost 0809"]
[Site "Mecklenburg VP"]
[Date "2009.03.01"]
[Round "7.5"]
[White "Otto, Martin"]
[Black "Dohnow, Thomas"]
[Result "1/2-1/2"]
[WhiteElo "1782"]
[BlackElo "1798"]
[PlyCount "67"]
[EventDate "2008.09.28"]
[EventType "team-tourn"]
[EventRounds "9"]
[EventCountry "GER"]
[SourceTitle "EXT 2022"]
[Source "ChessBase"]
[SourceDate "2021.10.06"]
[SourceVersion "1"]
[SourceVersionDate "2021.10.06"]
[SourceQuality "1"]
[WhiteTeam "Torgelow Droegeheide"]
[BlackTeam "Waren ESV"]
[WhiteTeamCountry "GER"]
[BlackTeamCountry "GER"]

1. Nf3 d5 2. g3 Nc6 3. Bg2 e5 4. d3 Be7 5. 0-0 Be6 6. h3 Qd7 7. Kh2 h6 8. e4 d4 9. Qe2 g5 10. Ng1 g4 11. f4 gxh3 12. Bxh3 exf4 13. gxf4 Bxh3 14. Nxh3 Nf6 15. Rg1 0-0-0 16. Na3 Rhg8 17. Bd2 Ng4+ 18. Kh1 Bh4 19. f5 h5 20. Bf4 f6 21. Nc4 Rde8 22. Rg2 Re7 23. Rag1 Reg7 24. Nd2 Nce5 25. Nf3 Nxf3 26. Qxf3 Bg5 27. Qe2 Bxf4 28. Nxf4 Ne3 29. Rxg7 Rxg7 30. Rxg7 Qxg7 31. Qxh5 b6 32. Qg6 Qh8+ 33. Qh5 Qg7 34. Qg6 1/2-1/2

[Event "Tierpark op 7th"]
[Site "Ueckermuende"]
[Date "2008.09.06"]
[Round "3.2"]
[White "Bauer, Norbert"]
[Black "Otto, Martin"]
[Result "0-1"]
[WhiteElo "1969"]
[BlackElo "1782"]
[PlyCount "84"]
[EventDate "2008.09.05"]
[EventType "swiss"]
[EventRounds "5"]
[EventCountry "GER"]
[SourceTitle "EXT 2023"]
[Source "ChessBase"]
[SourceDate "2022.10.05"]
[SourceVersion "1"]
[SourceVersionDate "2022.10.05"]
[SourceQuality "1"]

1. d4 Nf6 2. c4 e5 3. dxe5 Ng4 4. e6 dxe6 5. Qxd8+ Kxd8 6. f3 Ne5 7. e4 Nbc6 8. Nc3 Nb4 9. Bg5+ f6 10. 0-0-0+ Nbd3+ 11. Bxd3 fxg5 12. Nge2 c6 13. h4 gxh4 14. f4 Ng6 15. e5 Kc7 16. Ne4 b6 17. Ng5 Be7 18. Nxh7 Rxh7 19. Bxg6 Rh8 20. Nd4 Rf8 21. Rhf1 c5 22. Be4 cxd4 23. Bxa8 Ba6 24. Be4 Bxc4 25. Bd3 Bxa2 26. Kd2 Bd5 27. Rf2 g5 28. Ke1 Bb4+ 29. Kf1 Rxf4 30. Rxf4 gxf4 31. Bb5 Bc5 32. b4 Bxb4 33. Rxd4 Bc3 34. Rxf4 Bxe5 35. Rxh4 a5 36. g4 Kd6 37. g5 Kc5 38. Be8 b5 39. g6 a4 40. Rh5 Bf6 41. Rh7 a3 42. g7 e5 0-1

[Event "Tierpark op 7th"]
[Site "Ueckermuende"]
[Date "2008.09.05"]
[Round "1.10"]
[White "Rusch, Julia"]
[Black "Otto, Martin"]
[Result "0-1"]
[WhiteElo "1195"]
[BlackElo "1782"]
[PlyCount "66"]
[EventDate "2008.09.05"]
[EventType "swiss"]
[EventRounds "5"]
[EventCountry "GER"]
[SourceTitle "EXT 2023"]
[Source "ChessBase"]
[SourceDate "2022.10.05"]
[SourceVersion "1"]
[SourceVersionDate "2022.10.05"]
[SourceQuality "1"]

1. e4 e6 2. d4 d5 3. Nc3 Nf6 4. Bd3 dxe4 5. Nxe4 Nc6 6. Nxf6+ Qxf6 7. Bb5 Bd7 8. Bxc6 Bxc6 9. Nf3 h6 10. Be3 Bd6 11. Qe2 g5 12. h3 0-0-0 13. c3 Qf5 14. a4 Rhg8 15. Kf1 g4 16. hxg4 Qxg4 17. Rg1 f6 18. b4 Rg6 19. b5 Be4 20. a5 Rdg8 21. b6 Bxf3 22. Qc4 a6 23. bxc7 Bd5 24. Qa4 Bh2 25. Qc2 Bxg1 26. Ke1 Qxg2 27. Rd1 Bf3 28. Rc1 Be4 29. Qa2 f5 30. c4 Qf3 31. Rc3 f4 32. Bd2 Bxf2+ 33. Kf1 Rg1# 0-1

[Event "Mecklenburg VP LL 0708"]
[Site "Mecklenburg VP"]
[Date "2008.03.09"]
[Round "7.5"]
[White "Otto, Martin"]
[Black "Helms, Sven"]
[Result "0-1"]
[WhiteElo "1732"]
[BlackElo "1981"]
[PlyCount "58"]
[EventDate "2007.10.21"]
[EventType "team-tourn"]
[EventRounds "9"]
[EventCountry "GER"]
[SourceTitle "EXT 2016"]
[Source "ChessBase"]
[SourceDate "2015.10.08"]
[SourceVersion "1"]
[SourceVersionDate "2015.10.08"]
[SourceQuality "1"]
[WhiteTeam "Torgelow Droegeheide"]
[BlackTeam "Schwerin SF"]
[WhiteTeamCountry "GER"]
[BlackTeamCountry "GER"]

1. e4 e6 2. Qe2 Ne7 3. Nc3 d5 4. d3 c5 5. f4 Nbc6 6. Nf3 Nd4 7. Qf2 Nec6 8. Nd1 Qa5+ 9. c3 Nb3 10. Rb1 Qxa2 11. Qc2 Na1 12. Rxa1 Qxa1 13. f5 Bd7 14. Be3 Rc8 15. Qe2 d4 16. Bf4 Be7 17. g4 e5 18. Bg3 f6 19. h4 Na5 20. Bh3 Qa4 21. g5 c4 22. Nxe5 fxe5 23. Qh5+ Kd8 24. Bxe5 cxd3 25. 0-0 dxc3 26. bxc3 Qxe4 27. Bxg7 Bc5+ 28. Nf2 Bc6 29. Kh2 Qf4+ 0-1

[Event "Mecklenburg VP LL 0708"]
[Site "Mecklenburg VP"]
[Date "2007.11.25"]
[Round "3.5"]
[White "Otto, Martin"]
[Black "Littke, Helmut"]
[Result "1-0"]
[WhiteElo "1732"]
[BlackElo "1989"]
[PlyCount "45"]
[EventDate "2007.10.21"]
[EventType "team-tourn"]
[EventRounds "9"]
[EventCountry "GER"]
[SourceTitle "EXT 2016"]
[Source "ChessBase"]
[SourceDate "2015.10.08"]
[SourceVersion "1"]
[SourceVersionDate "2015.10.08"]
[SourceQuality "1"]
[WhiteTeam "Torgelow Droegeheide"]
[BlackTeam "Wismar ASV Gruen-Weiss"]
[WhiteTeamCountry "GER"]
[BlackTeamCountry "GER"]

1. Nf3 Nf6 2. g3 d5 3. Bg2 c5 4. d3 Nc6 5. 0-0 e5 6. c3 Be7 7. Nbd2 e4 8. Ne1 0-0 9. dxe4 dxe4 10. Nc2 Bf5 11. Ne3 Bg6 12. Qc2 Kh8 13. Nxe4 Qc8 14. f4 Nxe4 15. Bxe4 f5 16. Bf3 Rd8 17. Nd5 Bf8 18. Rd1 c4 19. Be3 Qe6 20. Bf2 Rd7 21. Ne3 Bd6 22. Bd5 Qe7 23. Bxc4 1-0

[Event "Mecklenburg VP LL1 0506"]
[Site "Mecklenburg VP"]
[Date "2006.03.12"]
[Round "8.4"]
[White "Nauschuetz, Ernst"]
[Black "Otto, Martin"]
[Result "1-0"]
[WhiteElo "1880"]
[BlackElo "1824"]
[PlyCount "125"]
[EventDate "2005.10.23"]
[EventType "team"]
[EventRounds "9"]
[EventCountry "GER"]
[SourceTitle "EXT 2008"]
[Source "ChessBase"]
[SourceDate "2007.11.25"]
[SourceVersion "1"]
[SourceVersionDate "2007.11.25"]
[SourceQuality "1"]
[WhiteTeam "Greifswald II"]
[BlackTeam "Torgelow II"]
[WhiteTeamCountry "GER"]
[BlackTeamCountry "GER"]

1. c4 e5 2. Nc3 d6 3. g3 f5 4. Bg2 Nf6 5. Nf3 g6 6. d3 Bg7 7. Rb1 0-0 8. 0-0 c6 9. e4 Nh5 10. Bg5 Qc7 11. h3 Be6 12. exf5 gxf5 13. Nh4 Nf6 14. Qd2 Nh5 15. Qe2 Qf7 16. Bf3 Nf6 17. b3 Ne8 18. Bh5 Qd7 19. Ng2 f4 20. gxf4 Bxh3 21. fxe5 Bxe5 22. Ne4 Ng7 23. f4 Bd4+ 24. Nf2 Nxh5 25. Qxh5 Qg4 26. Qxg4 Bxg4 27. Rbe1 Na6 28. Ne3 Bd7 29. Nc2 Bxf2+ 30. Rxf2 Rfe8 31. Rfe2 Rxe2 32. Rxe2 Re8 33. Kf2 Rxe2+ 34. Kxe2 Kf7 35. b4 Bf5 36. Bd8 Bg4+ 37. Kd2 h5 38. a3 Ke8 39. Bh4 Nc7 40. Bf2 a6 41. Nd4 d5 42. Ke3 Kd7 43. f5 Ne8 44. c5 Ke7 45. Kf4 Ng7 46. Ke5 Ne8 47. Bh4+ Kf7 48. Bd8 Bd1 49. Ne6 Bc2 50. d4 Ng7 51. Nxg7 Kxg7 52. Bh4 Kf7 53. f6 Bd3 54. Kd6 Bb5 55. Kc7 Ke6 56. Kxb7 Kf7 57. Kb6 Ke6 58. Ka5 Be2 59. a4 Bd1 60. b5 axb5 61. axb5 cxb5 62. Kxb5 Bc2 63. c6 1-0

[Event "Mecklenburg VP LL1 0506"]
[Site "Mecklenburg VP"]
[Date "2006.02.19"]
[Round "7.5"]
[White "Giese, Lothar"]
[Black "Otto, Martin"]
[Result "1/2-1/2"]
[WhiteElo "1860"]
[BlackElo "1824"]
[PlyCount "58"]
[EventDate "2005.10.23"]
[EventType "team"]
[EventRounds "9"]
[EventCountry "GER"]
[SourceTitle "EXT 2008"]
[Source "ChessBase"]
[SourceDate "2007.11.25"]
[SourceVersion "1"]
[SourceVersionDate "2007.11.25"]
[SourceQuality "1"]
[WhiteTeam "Stralsund FHSG II"]
[BlackTeam "Torgelow II"]
[WhiteTeamCountry "GER"]
[BlackTeamCountry "GER"]

1. c4 e5 2. Nc3 d6 3. Nf3 f5 4. d3 Nf6 5. e3 g6 6. Be2 Bg7 7. 0-0 0-0 8. b4 h6 9. Bb2 Be6 10. Qc2 Nbd7 11. d4 c6 12. dxe5 dxe5 13. Rad1 Qc7 14. c5 e4 15. Nd4 Bf7 16. Rd2 Ne5 17. Ba1 Kh7 18. Nd1 Nd5 19. a3 Rad8 20. Nb2 Rd7 21. Nc4 Nxc4 22. Bxc4 Rfd8 23. Bxd5 Rxd5 24. Rfd1 Be5 25. g3 Qe7 26. Bc3 Qf6 27. Ne2 Bxc3 28. Nxc3 Rxd2 29. Rxd2 Rxd2 1/2-1/2

[Event "Mecklenburg VP LL 0405"]
[Site "Mecklenburg VP"]
[Date "2005.01.16"]
[Round "5.6"]
[White "Sonnenberger, Kirsten"]
[Black "Otto, Martin"]
[Result "1/2-1/2"]
[WhiteElo "1916"]
[BlackElo "1802"]
[PlyCount "48"]
[EventDate "2004.10.24"]
[EventType "team"]
[EventRounds "9"]
[EventCountry "GER"]
[SourceTitle "EXT 2009"]
[Source "ChessBase"]
[SourceDate "2008.11.26"]
[SourceVersion "1"]
[SourceVersionDate "2008.11.26"]
[SourceQuality "1"]
[WhiteTeam "Rostock II"]
[BlackTeam "Torgelow Greif"]
[WhiteTeamCountry "GER"]
[BlackTeamCountry "GER"]

1. e4 e6 2. d4 d5 3. Nc3 Nf6 4. Bg5 Be7 5. e5 Nfd7 6. Bxe7 Qxe7 7. Qg4 g6 8. Nf3 a6 9. h4 h5 10. Qf4 c5 11. dxc5 Nxc5 12. Bd3 Nc6 13. 0-0 Nd7 14. Rfe1 Qb4 15. Qg5 Qg4 16. Qd2 Nd4 17. Nxd4 Qxd4 18. Qg5 Qg4 19. Rad1 Qxg5 20. hxg5 Nb6 21. f4 Bd7 22. Ne2 Ke7 23. Nd4 Na4 24. Rb1 Rac8 1/2-1/2

[Event "Mecklenburg VP LL 0405"]
[Site "Mecklenburg VP"]
[Date "2004.11.28"]
[Round "3.6"]
[White "Moeller, Peter"]
[Black "Otto, Martin"]
[Result "1/2-1/2"]
[WhiteElo "1984"]
[BlackElo "1802"]
[PlyCount "105"]
[EventDate "2004.10.24"]
[EventType "team"]
[EventRounds "9"]
[EventCountry "GER"]
[SourceTitle "EXT 2009"]
[Source "ChessBase"]
[SourceDate "2008.11.26"]
[SourceVersion "1"]
[SourceVersionDate "2008.11.26"]
[SourceQuality "1"]
[WhiteTeam "Rostock Uni"]
[BlackTeam "Torgelow Greif"]
[WhiteTeamCountry "GER"]
[BlackTeamCountry "GER"]

1. g3 Nf6 2. Bg2 e5 3. d3 g6 4. e4 Bg7 5. Nf3 d6 6. 0-0 0-0 7. c3 c6 8. a4 h6 9. Re1 Qc7 10. Nh4 Nh5 11. f4 exf4 12. gxf4 Bf6 13. Nf3 d5 14. Ne5 dxe4 15. d4 Bf5 16. Bxe4 Bxe4 17. Rxe4 Ng7 18. Ng4 Qd8 19. Nxh6+ Kh7 20. Ng4 Nf5 21. Qf3 Kg7 22. Bd2 Rh8 23. Nxf6 Qxf6 24. Be1 Nd7 25. Nd2 Rh7 26. Bg3 Rah8 27. Nf1 Qd8 28. Rae1 Nf6 29. R4e2 Rh3 30. Ne3 Nh4 31. Qf2 Ne4 32. Bxh4 R3xh4 33. Qg2 Rxf4 34. Nf5+ Rxf5 35. Rxe4 Rg5 36. Rg4 Rhh5 37. Rg3 Kf8 38. b4 Rxg3 39. hxg3 Qd5 40. Qxd5 Rxd5 41. Kf2 Rh5 42. a5 Rf5+ 43. Ke3 Ke7 44. g4 Rf6 45. Rh1 Kd6 46. Rh8 a6 47. Rd8+ Kc7 48. Rf8 Kd6 49. c4 Rf1 50. c5+ Kd7 51. Ke4 Rf2 52. Ke5 Rf1 53. Ke4 1/2-1/2

[Event "Mecklenburg VP LL 0304"]
[Site "Mecklenburg VP"]
[Date "2003.11.02"]
[Round "2.5"]
[White "Otto, Martin"]
[Black "Jung, Werner"]
[Result "1/2-1/2"]
[WhiteElo "1759"]
[BlackElo "1900"]
[PlyCount "62"]
[EventDate "2003.09.28"]
[EventType "team-tourn"]
[EventRounds "9"]
[EventCountry "GER"]
[SourceTitle "EXT 2005"]
[Source "ChessBase"]
[SourceDate "2004.11.15"]
[SourceVersion "1"]
[SourceVersionDate "2004.11.15"]
[SourceQuality "1"]
[WhiteTeam "Torgelow"]
[BlackTeam "Schwerin SF II"]
[WhiteTeamCountry "GER"]
[BlackTeamCountry "GER"]

1. e4 d5 2. exd5 Nf6 3. Nc3 Nxd5 4. d4 Bf5 5. Bc4 Nb6 6. Bb3 e6 7. Nce2 c5 8. c3 Nc6 9. dxc5 Qxd1+ 10. Bxd1 Bxc5 11. Nf3 0-0 12. Ng3 Bd3 13. Be2 Rad8 14. b3 Bxe2 15. Kxe2 Nd5 16. Bd2 Bd6 17. Rhd1 Bxg3 18. hxg3 e5 19. Be1 h6 20. Nh2 f6 21. Nf1 Kf7 22. Ne3 Nxe3 23. Kxe3 Ke6 24. Ke2 Rfe8 25. Rxd8 Rxd8 26. Rd1 Rxd1 27. Kxd1 f5 28. Ke2 g5 29. Bd2 Kd5 30. Bc1 Nd8 31. Ba3 Ne6 1/2-1/2

[Event "Mecklenburg VP LL 0203"]
[Site "Mecklenburg VP"]
[Date "2003.??.??"]
[Round "4.5"]
[White "Emmrich, Olaf"]
[Black "Otto, Martin"]
[Result "1-0"]
[WhiteElo "1897"]
[BlackElo "1792"]
[PlyCount "79"]
[EventDate "2002.10.20"]
[EventType "team-tourn"]
[EventRounds "9"]
[EventCountry "GER"]
[SourceTitle "EXT 2016"]
[Source "ChessBase"]
[SourceDate "2015.10.08"]
[SourceVersion "1"]
[SourceVersionDate "2015.10.08"]
[SourceQuality "1"]
[WhiteTeam "Ludwigslust Post SV"]
[BlackTeam "Torgelow"]
[WhiteTeamCountry "GER"]
[BlackTeamCountry "GER"]

1. e4 e6 2. Nf3 d5 3. Nc3 Nf6 4. e5 Nfd7 5. d4 c5 6. Bb5 a6 7. Bxd7+ Bxd7 8. 0-0 Nc6 9. Re1 Qc7 10. Ne2 cxd4 11. Nexd4 Rc8 12. c3 Nxd4 13. Nxd4 b5 14. a3 g6 15. Bg5 Bg7 16. Qf3 0-0 17. Qe3 a5 18. h4 b4 19. axb4 axb4 20. Be7 Rfe8 21. Bxb4 Ra8 22. Nf3 Qc6 23. h5 Rxa1 24. Rxa1 Ra8 25. Rxa8+ Qxa8 26. h6 Bh8 27. Qg5 Bb5 28. Nd4 Bd7 29. Qe7 Qe8 30. Qd6 f6 31. f4 g5 32. f5 fxe5 33. fxe6 exd4 34. Qxd7 Qxd7 35. exd7 Bf6 36. Ba5 dxc3 37. bxc3 Kf7 38. d8Q Bxd8 39. Bxd8 Kg6 40. Kf2 1-0